Lanean...

ശബരിമലയുടെ ഇതിഹാസം

Xehetasun bibliografikoak
Egile Nagusiak: പി കെ പരമേശ്വരന്‍ നായര്‍, P K Paramasharan Nair
Formatua: Printed Book
Argitaratua: All India Ayyappa Seva Sanghom 1968
Edizioa:1st
Gaiak:
LEADER 00923nam a22001937a 4500
082 |a 894.81207  |b PAR/S K8 
100 |a പി കെ പരമേശ്വരന്‍ നായര്‍  |9 248669 
100 |a P K Paramasharan Nair  |9 248670 
240 |a The Glory of Sabarimala 
245 |a ശബരിമലയുടെ ഇതിഹാസം 
250 |a 1st 
260 |b All India Ayyappa Seva Sanghom  |c 1968 
300 |a 112p. 
650 |a മലയാളം; കേരള പഠനം  |9 248671 
650 |a  Malayalam; Kerala Studies   |9 248672 
942 |c BK 
999 |c 46580  |d 46580 
952 |0 0  |1 0  |4 0  |6 894_812070000000000_PAR_S_K8  |7 0  |8 KERSTU  |9 54559  |a MAL  |b MAL  |d 2015-11-20  |e T35006  |g 5.00  |l 0  |o 894.81207 PAR/S K8  |p MALT035006  |r 2015-11-20  |t 1  |w 2015-11-20  |y BK 
952 |0 0  |1 0  |4 0  |6 894_812070000000000_PAR_S_K81  |7 0  |8 KERSTU  |9 54560  |a MAL  |b MAL  |d 2016-12-15  |e 13657  |g 5.00  |l 0  |o 894.81207 PAR/S K8;1  |p MAL013657  |r 2016-12-15  |t 2  |w 2016-12-15  |y BK